[Event "Sharjah Cup (Women) 10th"]
[Site "Sharjah"]
[Date "2020.01.07"]
[Round "4"]
[White "Al Hammadi, Maryam Hussein"]
[Black "Kyrkjebo, Hannah Bakken"]
[Result "0-1"]
[WhiteElo "1387"]
[BlackElo "1963"]
[PlyCount "94"]
[EventDate "2020.01.04"]
[EventType "swiss"]
[EventRounds "9"]
[EventCountry "UAE"]
[SourceTitle "CBM 194 Extra"]
[Source "ChessBase"]
[SourceDate "2020.03.31"]
[SourceVersion "1"]
[SourceVersionDate "2020.03.31"]
[SourceQuality "1"]

1. e4 e5 2. Nf3 Nc6 3. Bb5 a6 4. Ba4 Nf6 5. Qe2 b5 6. Bb3 Bc5 7. a4 Rb8 8. axb5 axb5 9. d3 h6 10. Be3 Bb6 11. c3 d6 12. Nbd2 0-0 13. 0-0 Bg4 14. h3 Bd7 15. Rfd1 Re8 16. Nf1 b4 17. c4 Bxe3 18. Nxe3 Ne7 19. Kh2 Ng6 20. g3 Qc8 21. Ng1 c6 22. Rf1 Ra8 23. Qd2 Rxa1 24. Rxa1 Qb7 25. Ne2 Ne7 26. f4 exf4 27. Nxf4 c5 28. Qd1 Ra8 29. Ba4 Qa7 30. b3 Qb8 31. Bxd7 Nxd7 32. Nfd5 Nxd5 33. Nxd5 Ne5 34. Rxa8 Qxa8 35. Qb1 Qa3 36. Kg2 Nc6 37. Qd1 Nd4 38. Qg4 Qb2+ 39. Kf1 Qc1+ 40. Kf2 Qd2+ 41. Kf1 Qxd3+ 42. Kf2 Qd2+ 43. Kf1 Ne6 44. Nc7 Qg5 45. Qxg5 Nxg5 46. e5 dxe5 47. h4 Ne4 0-1

[Event "Sharjah Cup (Women) 10th"]
[Site "Sharjah"]
[Date "2020.01.05"]
[Round "2"]
[White "Al Hammadi, Maryam Hussein"]
[Black "Michelle, Catherina P"]
[Result "0-1"]
[WhiteElo "1387"]
[BlackElo "2143"]
[PlyCount "38"]
[EventDate "2020.01.04"]
[EventType "swiss"]
[EventRounds "9"]
[EventCountry "UAE"]
[SourceTitle "CBM 194 Extra"]
[Source "ChessBase"]
[SourceDate "2020.03.31"]
[SourceVersion "1"]
[SourceVersionDate "2020.03.31"]
[SourceQuality "1"]

1. e4 e5 2. Nf3 Nc6 3. Bc4 Nf6 4. 0-0 Nxe4 5. Bb5 Be7 6. Bxc6 dxc6 7. Nxe5 0-0 8. d3 Nf6 9. Nc3 Bd6 10. Nc4 Bg4 11. Qd2 Be7 12. h3 Be6 13. Ne5 Re8 14. Re1 Bc5 15. Qd1 Qd4 16. Re2 Bxh3 17. Nf3 Qg4 18. Rxe8+ Rxe8 19. g3 Qxg3+ 0-1

[Event "UAE President Cup U14 Girls"]
[Site "Ajman"]
[Date "2019.01.08"]
[Round "8"]
[White "Almaamari, Zainab Darwish"]
[Black "Al Hammadi, Maryam Hussein"]
[Result "1-0"]
[WhiteElo "1252"]
[BlackElo "1354"]
[PlyCount "155"]
[EventDate "2019.01.02"]
[EventType "swiss"]
[EventRounds "9"]
[EventCountry "UAE"]
[SourceTitle "CBM 188 Extra"]
[Source "ChessBase"]
[SourceDate "2019.02.26"]
[SourceVersion "1"]
[SourceVersionDate "2019.02.26"]
[SourceQuality "1"]

1. Nf3 e6 2. c4 f5 3. g3 b6 4. Bg2 Bb7 5. Qc2 Nf6 6. b3 Be7 7. Bb2 0-0 8. Nc3 a6 9. 0-0-0 Qe8 10. Rdg1 Nc6 11. Bh3 Bc5 12. Rf1 Nd4 13. Qd1 Nc6 14. Na4 Be7 15. Nc3 Bd6 16. Bg2 Qe7 17. d3 Ba3 18. Qd2 Bxb2+ 19. Qxb2 Nd4 20. Rhg1 Nxf3 21. Bxf3 Rab8 22. Bxb7 Rxb7 23. e4 fxe4 24. dxe4 d6 25. Re1 Nd7 26. f4 Nc5 27. Qc2 Nd7 28. Kb1 Qd8 29. Qd2 Rb8 30. Rgf1 Qc8 31. g4 Qb7 32. e5 b5 33. cxb5 d5 34. f5 Rbe8 35. fxe6 Rxe6 36. Rxf8+ Nxf8 37. Qxd5 Qxd5 38. Nxd5 axb5 39. Nxc7 Re7 40. Nxb5 Kf7 41. a4 Kg6 42. a5 Rb7 43. Nd4 Rd7 44. Re4 Ra7 45. b4 Rb7 46. Nc2 Ne6 47. Ka2 Rc7 48. Ne3 Rd7 49. a6 Ra7 50. b5 Nc7 51. Rb4 Nxb5 52. Rxb5 Rxa6+ 53. Kb2 Re6 54. Ng2 Kg5 55. h3 g6 56. Kc3 h5 57. gxh5 gxh5 58. Kd4 Kf5 59. Kd5 Re8 60. Kd6 Re6+ 61. Kd7 Rxe5 62. Rxe5+ Kxe5 63. Ke7 Kf5 64. Kf7 Kg5 65. h4+ Kh6 66. Nf4 Kh7 67. Nxh5 Kh8 68. Kg6 Kg8 69. Ng3 Kh8 70. Ne4 Kg8 71. h5 Kh8 72. Nd6 Kg8 73. h6 Kh8 74. Nf7+ Kg8 75. h7+ Kf8 76. h8Q+ Ke7 77. Qd8+ Ke6 78. Qd6# 1-0

[Event "UAE President Cup U14 Girls"]
[Site "Ajman"]
[Date "2019.01.03"]
[Round "2"]
[White "Aisha, Mohamed Al Muaini"]
[Black "Al Hammadi, Maryam Hussein"]
[Result "0-1"]
[WhiteElo "1144"]
[BlackElo "1354"]
[PlyCount "90"]
[EventDate "2019.01.02"]
[EventType "swiss"]
[EventRounds "9"]
[EventCountry "UAE"]
[SourceTitle "CBM 188 Extra"]
[Source "ChessBase"]
[SourceDate "2019.02.26"]
[SourceVersion "1"]
[SourceVersionDate "2019.02.26"]
[SourceQuality "1"]

1. e4 e6 2. d3 d5 3. Nd2 Nf6 4. Ngf3 b6 5. g3 Bb7 6. Qe2 g6 7. Bg2 Bg7 8. 0-0 0-0 9. Nh4 dxe4 10. dxe4 Nc6 11. f4 Nd4 12. Qd3 Nc6 13. Qc4 Na5 14. Qe2 Qd4+ 15. Kh1 Rad8 16. c3 Qd3 17. Qe1 Qd7 18. b4 Nc6 19. f5 exf5 20. exf5 Rfe8 21. Qf2 Qd3 22. Qf3 Qxf3 23. Bxf3 Ba8 24. fxg6 fxg6 25. Bb2 Rxd2 26. Rab1 Ne5 27. Bxa8 Rxa8 28. c4 Ned7 29. g4 Nxg4 30. Bxg7 Kxg7 31. Rf4 Rxh2+ 32. Kg1 Rxh4 33. Re1 Ndf6 34. Re7+ Kh6 35. Rxc7 Kg5 36. Rd4 Ne5 37. Rxh4 Kxh4 38. c5 bxc5 39. Rxc5 Neg4 40. Rc4 Rd8 41. Rxg4+ Kxg4 42. Kf1 Rd2 43. Kg1 Rxa2 44. Kh1 Kg3 45. Kg1 Ra1# 0-1

[Event "Sharjah Cup (Women) 7th"]
[Site "Sharjah"]
[Date "2016.12.23"]
[Round "6"]
[White "Khalil, Hanan"]
[Black "Al Hammadi, Maryam Hussein"]
[Result "0-1"]
[WhiteElo "1308"]
[BlackElo "1311"]
[PlyCount "146"]
[EventDate "2016.12.18"]
[EventType "swiss"]
[EventRounds "9"]
[EventCountry "UAE"]
[SourceTitle "CBM 176 Extra"]
[Source "ChessBase"]
[SourceDate "2017.03.02"]
[SourceVersion "1"]
[SourceVersionDate "2017.03.02"]
[SourceQuality "1"]

1. e4 c5 2. Nf3 d6 3. b3 Nf6 4. Bb5+ Bd7 5. Bxd7+ Nbxd7 6. d3 e6 7. Nbd2 d5 8. exd5 Nxd5 9. Bb2 N7f6 10. 0-0 Bd6 11. Nc4 Be7 12. Re1 0-0 13. Ne3 Nf4 14. Nf1 Ng6 15. Ng3 b6 16. Ne4 Rc8 17. h3 b5 18. c4 a6 19. Rc1 Nxe4 20. Rxe4 Bf6 21. Bxf6 Qxf6 22. Qe2 Rfd8 23. Qe3 Rd6 24. cxb5 axb5 25. Ne5 Nxe5 26. Rxe5 Rxd3 27. Qxd3 Qxe5 28. Qd7 Rb8 29. Qc6 g6 30. Qxc5 Qb2 31. Qc7 Ra8 32. Qc2 Qxa2 33. Qxa2 Rxa2 34. Rc8+ Kg7 35. Rb8 Rd2 36. Rxb5 Rd7 37. Rb8 Kf6 38. b4 Ke5 39. b5 Kd5 40. b6 Kc6 41. Rh8 h5 42. Rb8 Rb7 43. Rxb7 Kxb7 44. Kf1 Kxb6 45. Ke2 Kc7 46. Ke3 Kd6 47. Ke4 f6 48. g3 e5 49. f3 f5+ 50. Ke3 g5 51. f4 g4 52. h4 Kd5 53. fxe5 Kxe5 54. Kf2 Ke4 55. Ke2 f4 56. gxf4 Kxf4 57. Kf2 g3+ 58. Kg2 Kg4 59. Kf1 Kh3 60. Kg1 g2 61. Kf2 Kh2 62. Kf3 g1Q 63. Ke4 Qf2 64. Kd5 Qe3 65. Kc6 Qd4 66. Kb7 Qd6 67. Ka7 Kg3 68. Ka8 Qd7 69. Kb8 Kf4 70. Ka8 Ke5 71. Kb8 Kd6 72. Ka8 Kc6 73. Kb8 Qb7# 0-1

[Event "Sharjah Cup (Women) 7th"]
[Site "Sharjah"]
[Date "2016.12.18"]
[Round "1"]
[White "Al Hammadi, Maryam Hussein"]
[Black "Babayan, Armine"]
[Result "0-1"]
[WhiteElo "1311"]
[BlackElo "2196"]
[PlyCount "72"]
[EventDate "2016.12.18"]
[EventType "swiss"]
[EventRounds "9"]
[EventCountry "UAE"]
[SourceTitle "CBM 176 Extra"]
[Source "ChessBase"]
[SourceDate "2017.03.02"]
[SourceVersion "1"]
[SourceVersionDate "2017.03.02"]
[SourceQuality "1"]

1. e4 c5 2. Nf3 Nc6 3. d3 g6 4. g3 Bg7 5. Bg2 d6 6. 0-0 Nf6 7. c3 Bg4 8. Nbd2 Qd7 9. Re1 h5 10. Qc2 Ne5 11. Ng5 Nh7 12. Ndf3 Nxg5 13. Nxe5 dxe5 14. Bxg5 Rd8 15. f3 Be6 16. Rad1 Qb5 17. b3 Rd7 18. Bf1 Qc6 19. a4 a6 20. c4 0-0 21. Qd2 Kh7 22. Be3 Rfd8 23. Qa5 Rc8 24. b4 cxb4 25. Qxb4 f5 26. Qb6 f4 27. Qxc6 bxc6 28. gxf4 exf4 29. Bxf4 Rf8 30. Bg5 Rxf3 31. Be2 Bd4+ 32. Kg2 Rf2+ 33. Kg3 Rd8 34. Bf3 Rf8 35. Rf1 R8xf3+ 36. Kh4 Rh3# 0-1

[Event "Sharjah op rapid"]
[Site "Sharjah"]
[Date "2014.07.05"]
[Round "2"]
[White "Rafee, Mohd Hayel"]
[Black "Al Hammadi, Maryam Hussein"]
[Result "1-0"]
[WhiteElo "1961"]
[BlackElo "1301"]
[PlyCount "53"]
[EventDate "2014.07.05"]
[EventType "swiss (rapid)"]
[EventRounds "9"]
[EventCountry "UAE"]
[SourceTitle "CBM 161 Extra"]
[Source "ChessBase"]
[SourceDate "2014.08.29"]
[SourceVersion "1"]
[SourceVersionDate "2014.08.29"]
[SourceQuality "1"]

1. e4 c5 2. Nc3 d6 3. f4 Nc6 4. Nf3 Nf6 5. Bb5 Bd7 6. 0-0 e6 7. d3 Be7 8. Qe1 0-0 9. a4 d5 10. Kh1 a6 11. Bxc6 Bxc6 12. e5 Nd7 13. d4 Qb6 14. Ne2 f6 15. Qg3 cxd4 16. Nexd4 Nc5 17. b3 Ne4 18. Qh3 Bd7 19. Bb2 fxe5 20. Nxe5 Bc8 21. a5 Qd6 22. Rf3 Bf6 23. Ba3 Qc7 24. Bxf8 Bxe5 25. fxe5 Qxe5 26. Ba3 Ng5 27. Rf8# 1-0